[Event "Zuerich Seniors op 08th"]
[Site "Zuerich"]
[Date "2010.02.02"]
[Round "7"]
[White "Koch, Jost"]
[Black "Zindel, Ernst"]
[Result "1/2-1/2"]
[WhiteElo "1984"]
[BlackElo "1965"]
[PlyCount "87"]
[EventDate "2010.01.25"]
[EventType "swiss"]
[EventRounds "9"]
[EventCountry "SUI"]
[SourceTitle "EXT 2022"]
[Source "ChessBase"]
[SourceDate "2021.10.06"]
[SourceVersion "1"]
[SourceVersionDate "2021.10.06"]
[SourceQuality "1"]

1. e4 e5 2. Nf3 Nc6 3. Bb5 a6 4. Ba4 Nf6 5. 0-0 Be7 6. Re1 b5 7. Bb3 d6 8. c3 0-0 9. h3 Bb7 10. d4 Re8 11. Nbd2 Bf8 12. a3 h6 13. Ba2 Nb8 14. dxe5 dxe5 15. Qc2 c5 16. c4 Nc6 17. cxb5 axb5 18. Qb3 Qc7 19. Qxb5 Nd4 20. Nxd4 exd4 21. Qd3 Qc6 22. Qf3 Re5 23. Bb1 c4 24. b3 c3 25. Nc4 Re6 26. Bf4 Nxe4 27. Ne5 Ng5 28. Qxc6 Bxc6 29. Bxg5 hxg5 30. Bf5 Rf6 31. Nxc6 Rxc6 32. Be4 Rca6 33. Bxa8 Rxa8 34. Red1 Rxa3 35. Rac1 Bc5 36. b4 Bb6 37. Kf1 Rb3 38. Ke2 Rxb4 39. Kd3 Bd8 40. Re1 Bf6 41. Re4 Rb2 42. Rc2 Rb8 43. Rxd4 Bxd4 44. Kxd4 1/2-1/2

[Event "Zuerich Seniors op 08th"]
[Site "Zuerich"]
[Date "2010.02.??"]
[Round "?"]
[White "Koch, Jost"]
[Black "Lienin, Hans"]
[Result "1-0"]
[WhiteElo "1984"]
[BlackElo "1647"]
[PlyCount "39"]
[EventDate "2010.01.25"]
[EventType "swiss"]
[EventRounds "9"]
[EventCountry "SUI"]
[SourceTitle "EXT 2022"]
[Source "ChessBase"]
[SourceDate "2021.10.06"]
[SourceVersion "1"]
[SourceVersionDate "2021.10.06"]
[SourceQuality "1"]

1. e4 e5 2. Nf3 Nc6 3. Bb5 d6 4. d4 Bd7 5. Nc3 a6 6. Bxc6 Bxc6 7. 0-0 Nf6 8. Re1 exd4 9. Nxd4 Bd7 10. h3 Be7 11. Bf4 0-0 12. Qf3 Qc8 13. Rad1 Re8 14. e5 c5 15. exf6 cxd4 16. Nd5 Bc6 17. Qg3 Bf8 18. fxg7 Rxe1+ 19. Rxe1 Bxg7 20. Ne7+ 1-0

[Event "Zuerich Seniors op 08th"]
[Site "Zuerich"]
[Date "2010.01.27"]
[Round "3"]
[White "Koch, Jost"]
[Black "Froehling, Juerg"]
[Result "1-0"]
[WhiteElo "1984"]
[BlackElo "154"]
[PlyCount "93"]
[EventDate "2010.01.25"]
[EventType "swiss"]
[EventRounds "9"]
[EventCountry "SUI"]
[SourceTitle "EXT 2022"]
[Source "ChessBase"]
[SourceDate "2021.10.06"]
[SourceVersion "1"]
[SourceVersionDate "2021.10.06"]
[SourceQuality "1"]

1. e4 d5 2. exd5 Qxd5 3. Nc3 Qa5 4. d4 c6 5. Bd2 Qc7 6. h3 Bf5 7. Nf3 h6 8. Ne5 e6 9. Bd3 Bxd3 10. Nxd3 Bd6 11. Ne4 Be7 12. Bf4 Qd8 13. c3 Nf6 14. Qf3 Nd5 15. Be5 Nf6 16. Ndc5 Nxe4 17. Nxe4 Rg8 18. Qg3 Qd5 19. Nd2 Nd7 20. c4 Qa5 21. Bf4 Bf6 22. Be3 e5 23. 0-0 0-0-0 24. Nb3 Qb4 25. Rfc1 Qe7 26. d5 Bh4 27. Qg4 h5 28. Qxh5 g6 29. Qe2 c5 30. Na5 Qd6 31. Qd2 f5 32. b4 f4 33. Bxc5 Nxc5 34. bxc5 Qxc5 35. Nb3 Qd6 36. Rd1 b6 37. Rac1 Rg7 38. c5 bxc5 39. Nxc5 Rc7 40. Ne6 Qxe6 41. Rxc7+ Kxc7 42. dxe6 Rxd2 43. Rxd2 e4 44. Rd7+ Kc8 45. Rxa7 Kd8 46. Ra4 Ke7 47. Rxe4 1-0

[Event "Zuerich Seniors op 08th"]
[Site "Zuerich"]
[Date "2010.??.??"]
[Round "2"]
[White "Muench, Ueli"]
[Black "Koch, Jost"]
[Result "1/2-1/2"]
[WhiteElo "1716"]
[BlackElo "1984"]
[PlyCount "42"]
[EventDate "2010.01.25"]
[EventType "swiss"]
[EventRounds "9"]
[EventCountry "SUI"]
[SourceTitle "EXT 2022"]
[Source "ChessBase"]
[SourceDate "2021.10.06"]
[SourceVersion "1"]
[SourceVersionDate "2021.10.06"]
[SourceQuality "1"]

1. c4 Nf6 2. Nc3 e6 3. e4 d5 4. cxd5 exd5 5. e5 Ne4 6. Nxe4 dxe4 7. Qa4+ Nc6 8. Qxe4 Qd4 9. Qxd4 Nxd4 10. Bd3 Be6 11. Ne2 0-0-0 12. Nxd4 Rxd4 13. Be2 Re4 14. d3 Bb4+ 15. Kf1 Rxe5 16. Be3 a6 17. a3 Bd6 18. Rc1 Rb5 19. b4 Kb8 20. d4 Rd5 21. Bf3 Rb5 1/2-1/2

[Event "Zuerich Seniors op 06th"]
[Site "Zuerich"]
[Date "2008.02.06"]
[Round "8"]
[White "Koch, Jost"]
[Black "Buergi, Jakob"]
[Result "0-1"]
[WhiteElo "1880"]
[BlackElo "1955"]
[PlyCount "60"]
[EventDate "2008.01.28"]
[EventType "swiss"]
[EventRounds "9"]
[EventCountry "SUI"]
[SourceTitle "EXT 2022"]
[Source "ChessBase"]
[SourceDate "2021.10.06"]
[SourceVersion "1"]
[SourceVersionDate "2021.10.06"]
[SourceQuality "1"]

1. e4 e6 2. d4 d6 3. Nf3 c6 4. Be2 Ne7 5. 0-0 Ng6 6. Nc3 Nd7 7. Be3 Be7 8. Qd2 h6 9. Rad1 0-0 10. h3 Bf6 11. Nh2 e5 12. Ng4 Bg5 13. Bxg5 Qxg5 14. Qxg5 hxg5 15. dxe5 dxe5 16. Bc4 a5 17. Rd6 Nf4 18. a4 Re8 19. Rfd1 Nb6 20. Ba2 Bxg4 21. hxg4 Kf8 22. Nb5 Rac8 23. c4 Nxa4 24. Na3 Nc5 25. f3 Ne2+ 26. Kf2 Nd4 27. f4 Ke7 28. R6xd4 exd4 29. Rxd4 Rcd8 30. Nc2 Nd3+ 0-1

[Event "Zuerich Seniors op 06th"]
[Site "Zuerich"]
[Date "2008.??.??"]
[Round "?"]
[White "Eggenberger, Ulrich"]
[Black "Koch, Jost"]
[Result "1/2-1/2"]
[WhiteElo "1970"]
[BlackElo "1880"]
[PlyCount "27"]
[EventDate "2008.01.28"]
[EventType "swiss"]
[EventRounds "9"]
[EventCountry "SUI"]
[SourceTitle "EXT 2022"]
[Source "ChessBase"]
[SourceDate "2021.10.06"]
[SourceVersion "1"]
[SourceVersionDate "2021.10.06"]
[SourceQuality "1"]

1. f4 d5 2. Nf3 Nf6 3. e3 g6 4. d4 Bg7 5. Bd3 b6 6. 0-0 0-0 7. Ne5 c5 8. c3 Bb7 9. Nd2 e6 10. Qf3 Nbd7 11. g4 a5 12. g5 Nxe5 13. fxe5 Nd7 14. h4 1/2-1/2

[Event "Zuerich Seniors op 05th"]
[Site "Zuerich"]
[Date "2007.??.??"]
[Round "?"]
[White "Eggenberger, Ulrich"]
[Black "Koch, Jost"]
[Result "1/2-1/2"]
[WhiteElo "1909"]
[BlackElo "1853"]
[PlyCount "43"]
[EventDate "2007.01.22"]
[EventType "swiss"]
[EventRounds "9"]
[EventCountry "SUI"]
[SourceTitle "EXT 2022"]
[Source "ChessBase"]
[SourceDate "2021.10.06"]
[SourceVersion "1"]
[SourceVersionDate "2021.10.06"]
[SourceQuality "1"]

1. f4 d5 2. Nf3 Nf6 3. e3 g6 4. d4 Bg7 5. Bd3 0-0 6. 0-0 b6 7. b3 c5 8. Bb2 e6 9. Ne5 Bb7 10. Nd2 Nbd7 11. Qf3 Rc8 12. c3 a6 13. g4 Qe7 14. Kg2 Rc7 15. Rh1 b5 16. h4 c4 17. Bc2 cxb3 18. axb3 b4 19. Nf1 Rfc8 20. h5 bxc3 21. Ba3 Qe8 22. Bd6 1/2-1/2

[Event "Adelboden Seniors op 4th"]
[Site "Adelboden"]
[Date "2006.06.23"]
[Round "5"]
[White "Koch, Jost"]
[Black "Iberg, Gottlieb"]
[Result "1-0"]
[WhiteElo "1874"]
[BlackElo "1792"]
[PlyCount "35"]
[EventDate "2006.06.19"]
[EventType "swiss"]
[EventRounds "9"]
[EventCountry "SUI"]
[SourceTitle "EXT 2007"]
[Source "ChessBase"]
[SourceDate "2006.11.23"]
[SourceVersion "1"]
[SourceVersionDate "2006.11.23"]
[SourceQuality "1"]

1. e4 e5 2. Nf3 Nf6 3. Nxe5 d6 4. Nxf7 Kxf7 5. d4 Qe8 6. Nc3 d5 7. e5 Bb4 8. Bd2 Rf8 9. Be2 Bxc3 10. Bxc3 Ne4 11. 0-0 Nxc3 12. bxc3 Be6 13. f4 Kg8 14. Bg4 g6 15. Qf3 c5 16. Rab1 cxd4 17. Rxb7 Nc6 18. Qh3 1-0

[Event "Adelboden Seniors op 4th"]
[Site "Adelboden"]
[Date "2006.06.19"]
[Round "1"]
[White "Koch, Jost"]
[Black "Brand, Michel"]
[Result "1-0"]
[WhiteElo "1874"]
[BlackElo "1647"]
[PlyCount "90"]
[EventDate "2006.06.19"]
[EventType "swiss"]
[EventRounds "9"]
[EventCountry "SUI"]
[SourceTitle "EXT 2007"]
[Source "ChessBase"]
[SourceDate "2006.11.23"]
[SourceVersion "1"]
[SourceVersionDate "2006.11.23"]
[SourceQuality "1"]

1. e4 c5 2. Nf3 d6 3. d4 cxd4 4. Nxd4 Nf6 5. Nc3 e6 6. Be2 Be7 7. 0-0 0-0 8. Be3 Nc6 9. Kh1 e5 10. Nb3 Be6 11. f4 exf4 12. Bxf4 a6 13. Qe1 Qc7 14. Qg3 Ne5 15. Rad1 Rad8 16. Nd4 Ng6 17. Bg5 Qc8 18. h4 Kh8 19. h5 Ne5 20. h6 Rg8 21. Qh4 Ng6 22. Qf2 Ng4 23. Bxg4 Bxg5 24. hxg7+ Rxg7 25. Nf5 Bxf5 26. exf5 Ne5 27. f6 Qxg4 28. fxg7+ Kg8 29. Nd5 Qh5+ 30. Kg1 Qh6 31. Rde1 Bh4 32. Qb6 Rd7 33. Rxe5 Bg3 34. Re8+ Kxg7 35. Qd4+ Be5 36. Qg4+ Qg6 37. Qxg6+ hxg6 38. c3 f5 39. Re7+ Rxe7 40. Nxe7 Kf7 41. Nc8 Ke6 42. Re1 Kd7 43. Nb6+ Kc6 44. Nc4 Kc5 45. Nxe5 dxe5 1-0

[Event "Adelboden op"]
[Site "Adelboden"]
[Date "2004.??.??"]
[Round "?"]
[White "Eymann, Henri"]
[Black "Koch, Jost"]
[Result "1-0"]
[WhiteElo "1940"]
[BlackElo "1880"]
[PlyCount "33"]
[EventDate "2004.??.??"]
[EventType "swiss"]
[EventRounds "5"]
[EventCountry "SUI"]
[SourceTitle "EXT 2007"]
[Source "ChessBase"]
[SourceDate "2006.11.23"]
[SourceVersion "1"]
[SourceVersionDate "2006.11.23"]
[SourceQuality "1"]

1. e4 e5 2. Nf3 Nc6 3. d4 exd4 4. Nxd4 Bc5 5. Be3 Qf6 6. c3 Nge7 7. Bc4 0-0 8. 0-0 Bxd4 9. cxd4 d6 10. Nc3 Ng6 11. Qd2 h6 12. Rac1 Nh4 13. f4 Bg4 14. Qf2 Ng6 15. Nd5 Qd8 16. Qg3 Be6 17. f5 1-0

[Event "Adelboden op"]
[Site "Adelboden"]
[Date "2004.??.??"]
[Round "?"]
[White "Koch, Jost"]
[Black "Eggenberger, Ulrich"]
[Result "0-1"]
[WhiteElo "1880"]
[BlackElo "1965"]
[PlyCount "72"]
[EventDate "2004.??.??"]
[EventType "swiss"]
[EventRounds "5"]
[EventCountry "SUI"]
[SourceTitle "EXT 2007"]
[Source "ChessBase"]
[SourceDate "2006.11.23"]
[SourceVersion "1"]
[SourceVersionDate "2006.11.23"]
[SourceQuality "1"]

1. e4 e6 2. d4 d5 3. Nc3 Nf6 4. Bg5 Bb4 5. e5 h6 6. Bd2 Bxc3 7. Bxc3 Ne4 8. Bb4 c5 9. dxc5 Nxf2 10. Bb5+ Nc6 11. Qd4 Nxh1 12. Nf3 Bd7 13. Bxc6 Bxc6 14. 0-0-0 Qc7 15. Rxh1 0-0-0 16. Re1 Rde8 17. Qc3 Kd7 18. a4 Bxa4 19. Ba5 Qc8 20. Qb4 Bc6 21. Nd4 Re7 22. Re3 f6 23. exf6 gxf6 24. Rb3 Ke8 25. Nb5 Bxb5 26. Qxb5+ Kf7 27. Rc3 Qc6 28. Qe2 Ke8 29. b4 a6 30. Bb6 Rg7 31. Ra3 Kf7 32. g3 h5 33. c4 dxc4 34. Qxc4 Rg4 35. Qe2 Rxb4 36. Rd3 Rxb6 0-1

[Event "Adelboden op"]
[Site "Adelboden"]
[Date "2003.??.??"]
[Round "?"]
[White "Koch, Jost"]
[Black "Eggmann, Karl"]
[Result "0-1"]
[WhiteElo "1825"]
[BlackElo "1860"]
[PlyCount "80"]
[EventDate "2003.??.??"]
[EventType "swiss"]
[EventRounds "5"]
[EventCountry "SUI"]
[SourceTitle "EXT 2007"]
[Source "ChessBase"]
[SourceDate "2006.11.23"]
[SourceVersion "1"]
[SourceVersionDate "2006.11.23"]
[SourceQuality "1"]

1. e4 c5 2. Nf3 d6 3. d4 cxd4 4. Nxd4 Nf6 5. Nc3 a6 6. Bc4 Nbd7 7. 0-0 Qc7 8. Bb3 e6 9. Kh1 Nc5 10. Re1 Nxb3 11. cxb3 Be7 12. Be3 b5 13. Rc1 Qd7 14. b4 Bb7 15. f3 0-0 16. a4 d5 17. e5 Ne8 18. axb5 axb5 19. Ncxb5 Bxb4 20. Bd2 Be7 21. b4 Ba6 22. Ra1 Nc7 23. Nxc7 Qxc7 24. b5 Bb7 25. Rc1 Qd7 26. f4 Ba3 27. Rc3 Rfc8 28. Rh3 Bb2 29. Qh5 h6 30. Nc6 Bxc6 31. bxc6 Qxc6 32. f5 Ra1 33. fxe6 Rxe1+ 34. Bxe1 Qxe6 35. Qe2 Rc1 36. Rb3 Qxe5 37. Re3 Qf5 38. Rf3 Qb1 39. Rf1 Bc3 40. Qe8+ Kh7 0-1